On the shoulders of giants : (Record no. 50313)

MARC details
000 -LEADER
fixed length control field 00833nam a22002177a 4500
005 - DATE AND TIME OF LATEST TRANSACTION
control field 20110204105540.0
010 ## - LCCN (DPL NO)
LC control number B-422626
020 ## - INTERNATIONAL STANDARD BOOK NUMBER
International Standard Book Number 9780141015712
Terms of availability 899.00
035 ## - SYSTEM CONTROL NUMBER
System control number B-422626
037 ## - SOURCE OF ACQUISITION
Source of stock number/acquisition UBH
082 ## - DEWEY DECIMAL CLASSIFICATION NUMBER
Classification number 520
245 ## - TITLE STATEMENT
Title On the shoulders of giants :
Remainder of title the great works of physics and astronomy /
Statement of responsibility, etc edited, with commentary, by Stephen Hawking.
260 ## - PUBLICATION, DISTRIBUTION, ETC. (IMPRINT)
Place of publication, distribution, etc India
Name of publisher, distributor, etc Penguin Books India
Date of publication, distribution, etc 2003
300 ## - PHYSICAL DESCRIPTION
Extent xiii,1264p. :
Other physical details ill., ports.
Dimensions 24 cm.(pbk)
650 ## - SUBJECT ADDED ENTRY--TOPICAL TERM
Topical term or geographic name as entry element Astronomy
650 ## - SUBJECT ADDED ENTRY--TOPICAL TERM
Topical term or geographic name as entry element Physics
700 ## - ADDED ENTRY--PERSONAL NAME
Personal name Hawking, S. W.
Fuller form of name (Stephen W.)
9 (RLIN) 25725
942 ## - ADDED ENTRY ELEMENTS (KOHA)
Source of classification or shelving scheme Dewey Decimal Classification
Item type English Books
Classification part 520
Call number suffix ONT
Holdings
Withdrawn status Lost status Not for loan Collection code Home library Current library Date acquired Source of acquisition Cost, normal purchase price Full call number Barcode Copy number Cost, replacement price Koha item type
      Non-fiction Central Library Central Library 08/03/2011 255/14.02.11/08.03.11 899.00 520 ONT B-422626 1 899.00 English Books

© Delhi Public Library
Hit Counter
free hit counter